| 000 | 00417nam a2200193Ia 4500 | ||
|---|---|---|---|
| 001 | 094902 | ||
| 003 | YMCAF | ||
| 005 | 20230512161943.0 | ||
| 008 | 100717s2008 ||||||||||||||||| ||und|d | ||
| 024 | _a94902 | ||
| 035 | _a34360 | ||
| 040 |
_aYMCAF _beng _cIN-KoLT |
||
| 041 | _aeng | ||
| 082 |
_a371.26 _bCOM |
||
| 245 | 0 | _aComplete mathematics for AIEEE | |
| 260 |
_bTMH _c2008 |
||
| 300 | _aV P | ||
| 942 |
_2ddc _cBK |
||
| 999 |
_c9999 _d9999 |
||